| 000 | 00349nam a22001217a 4500 | ||
|---|---|---|---|
| 008 | 230612b xxu||||| |||| 00| 0 eng d | ||
| 082 |
_a354.6200 _bGOK |
||
| 100 | _cGovernment of Kenya | ||
| 245 | _aPublic Accounts Committee on the Government of Kenya Accounts for the Year 1984/85 | ||
| 260 |
_aKenya _bGOK _c1984 |
||
| 300 | _a168p | ||
| 942 |
_2ddc _cBK |
||
| 999 |
_c1007 _d1007 |
||